000 00413pab a2200145 454500
008 180718b1984 xxu||||| |||| 00| 0 eng d
100 _aNag, Moni
245 _aFertility differential in Kerala and West Bengal
_bEquity - fertility hypothesis as explanation
260 _c1984
300 _a33-41
362 _a7 Jan.
650 _aBirth Control - India
773 _aEconomic and Political Weekly
909 _a4530
999 _c4530
_d4530